000 00561cam a2200217 i 4500
020 _a0834801310
020 _a0834801302 (pbk.)
040 _cDLC
041 1 _hchi
082 0 0 _a294 WEA 1977 A008 Or.
245 0 0 _aTwo Zen classics :
_bMumonkan and Hekiganroku /
250 _a1st ed.
260 _aNew York :
_bWeatherhill,
_c1977.
300 _a413 p. ;
_c24 cm.
500 _aIncludes index.
650 0 _aKoan.
700 0 2 _aHuikai,
700 0 2 _aYuanwu,
856 4 2 _uhttp://www.loc.gov/catdir/enhancements/fy0661/77002398-d.html
942 _cEK
999 _c11616
_d11616